Statistics for Countries With Gender Equality

Click here to take the quiz!

General Stats

  • This quiz has been taken 43 times
  • The average score is 4 of 6

Answer Stats

Country % Correct
Sweden
98%
Denmark
90%
Belgium
73%
Luxembourg
66%
France
56%
Latvia
15%

Score Distribution

Percentile by Number Answered

Percent of People with Each Score

Your Score History

You have not taken this quiz